01199cam a22003374a 45000010009000000050017000090080041000260100017000670200015000840350023000990400018001220420008001400500023001480820015001711000029001862450049002152460031002642600053002953000021003485040054003696500033004236500046004566500031005026500034005336500016005678560076005839060045006599420012007049990019007169520126007351416069320221006160333.0051103s2005 enk b 000 0 eng  a 2005482268 a8130902206 a(CaONFJC)ct0364236 aDLCcDLCdDLC apcc00aHD30.4b.K465 2004 a658.3bKER1 aKermally, Sultan.99936510aGurus on managing people /cSultan Kermally.18aGurus on people management aNew Delhi :bViva Books Private Limited,cc2006. a153 p. ;c22 cm. aIncludes bibliographical references (p. 151-153). 0aManagementxResearch.914616 0aManagementxPsychological aspects.999366 0aEmployee motivation.94008 0aOrganizational effectiveness. 0aLeadership.413Table of contentsuhttp://www.loc.gov/catdir/toc/fy0602/2005482268.html a7bcbccorigresd2encipf20gy-gencatlg 2ddccBK c591548d591548 00102ddc4070aCLbCLcCHISTd2022-10-06eDonated by China Embassyl0o658.3 KERpCL-D-1901r2022-10-06w2022-10-06yBK